Statistics for Geographical Shapes

Click here to take the quiz!

General Stats

  • This quiz has been taken 87 times
  • The average score is 13 of 20

Answer Stats

Answer% Correct
Africa
100%
Black Sea
92%
Middle East
89%
Greenland
86%
Vatican City
84%
Yugoslavia
75%
Dead Sea
71%
North Island
70%
Costa Rica
68%
Tibet
66%
Borneo
63%
Baffin Island
61%
Bhutan
59%
Maine
59%
Caucasus
57%
Niger River
55%
Brunei
54%
Wales
49%
Lake Tanganyika
32%
South Yemen
17%

Score Distribution

Percentile by Number Answered

Percent of People with Each Score

Your Score History

You have not taken this quiz